| 000 | 00541cam a2200205 i 4500 | ||
|---|---|---|---|
| 001 | 20049889 | ||
| 005 | 20250227004143.0 | ||
| 008 | 170925e201709 ce a b 000 0ctamo | ||
| 020 | _a9789553857408 | ||
| 040 |
_aDLC _beng _erda _cDLC _dDLC |
||
| 082 |
_27037 _a920 _bSAR |
||
| 100 | 1 | _aSarawanan, K. N | |
| 245 | 1 | 0 | _aArinthavarkalum Ariyaathavaiyum (Known and Unknown) |
| 250 | _aMutal patippu. | ||
| 260 |
_aKandana _bBookvin Publisher _c2017 |
||
| 300 | _axii, 228 p., | ||
| 650 | 0 | _aSocial reformers | |
| 650 | 0 | _aBritish | |
| 942 | _cL | ||
| 999 |
_c5987 _d5987 |
||